Зависимость увеличения длительности импульса от изменения угла ввода оптического излучения в условиях воздействия на оптическое волокно различных температур; Известия вузов. Физика; Т. 58, № 3

Dettagli Bibliografici
Parent link:Известия вузов. Физика: научный журнал/ Национальный исследовательский Томский государственный университет (ТГУ).— , 1957-
Т. 58, № 3.— 2015.— [С. 7-10]
Ente Autore: Национальный исследовательский Томский политехнический университет
Altri autori: Оразымбетова А. К. Айгуль Каныбековна, Хан В. А. Валерий Алексеевич, Айтмагамбетов А. З. Алтай Зуфарович, Достиярова А. М. Алия Мухамедияровна, Липская М. А. Марина Анатольевна, Аралбаев Ж. Н. Жанат Наймантаевич
Riassunto:Заглавие с экрана
Представлены результаты экспериментального исследования воздействия температур оптического волокна (ОВ) на длительность импульса, при этом оптическое излучение вводилось под разными углами относительно оси ОВ. Установлено, что низкая температура ОВ (от -10 до -50 °С) приводит к значительному уширению импульса вследствие изменения физико-механических свойств защитных покрытий ОВ. Экспериментально показано, что при возврате от отрицательных температур (-0 и -50 °С) к комнатной сохранялось остаточное изменение длительности импульсов (до 0.3 нс). Длительность импульсов возрастает также с увеличением угла ввода оптического излучения.
Режим доступа: по договору с организацией-держателем ресурса
Lingua:russo
Pubblicazione: 2015
Soggetti:
Accesso online:http://elibrary.ru/item.asp?id=23370711
Natura: Elettronico Capitolo di libro
KOHA link:https://koha.lib.tpu.ru/cgi-bin/koha/opac-detail.pl?biblionumber=643257

MARC

LEADER 00000nla0a2200000 4500
001 643257
005 20250512130309.0
035 |a (RuTPU)RU\TPU\network\8245 
090 |a 643257 
100 |a 20150903d2015 k||y0rusy50 ca 
101 0 |a rus 
102 |a RU 
135 |a drcn ---uucaa 
181 0 |a i  
182 0 |a b 
200 1 |a Зависимость увеличения длительности импульса от изменения угла ввода оптического излучения в условиях воздействия на оптическое волокно различных температур  |f А. К. Оразымбетова [и др.] 
203 |a Текст  |c электронный 
300 |a Заглавие с экрана 
320 |a [Библиогр.: с. 10 (7 назв.)] 
330 |a Представлены результаты экспериментального исследования воздействия температур оптического волокна (ОВ) на длительность импульса, при этом оптическое излучение вводилось под разными углами относительно оси ОВ. Установлено, что низкая температура ОВ (от -10 до -50 °С) приводит к значительному уширению импульса вследствие изменения физико-механических свойств защитных покрытий ОВ. Экспериментально показано, что при возврате от отрицательных температур (-0 и -50 °С) к комнатной сохранялось остаточное изменение длительности импульсов (до 0.3 нс). Длительность импульсов возрастает также с увеличением угла ввода оптического излучения. 
333 |a Режим доступа: по договору с организацией-держателем ресурса 
461 |t Известия вузов. Физика  |o научный журнал  |f Национальный исследовательский Томский государственный университет (ТГУ)  |d 1957- 
463 |t Т. 58, № 3  |v [С. 7-10]  |d 2015 
610 1 |a электронный ресурс 
610 1 |a труды учёных ТПУ 
610 1 |a многомодовые волокна 
610 1 |a оптические волокна 
610 1 |a импульсы 
610 1 |a длительность 
610 1 |a температура 
701 1 |a Оразымбетова  |b А. К.  |g Айгуль Каныбековна 
701 1 |a Хан  |b В. А.  |c физик  |c доцент Томского политехнического университета, доктор технических наук  |f 1952-  |g Валерий Алексеевич  |3 (RuTPU)RU\TPU\pers\31144  |9 15340 
701 1 |a Айтмагамбетов  |b А. З.  |g Алтай Зуфарович 
701 1 |a Достиярова  |b А. М.  |g Алия Мухамедияровна 
701 1 |a Липская  |b М. А.  |g Марина Анатольевна 
701 1 |a Аралбаев  |b Ж. Н.  |g Жанат Наймантаевич 
712 0 2 |a Национальный исследовательский Томский политехнический университет  |c (2009- )  |9 26305 
801 2 |a RU  |b 63413507  |c 20150903  |g RCR 
850 |a 63413507 
856 4 |u http://elibrary.ru/item.asp?id=23370711 
942 |c CF